000 00967nam a22002537a 4500
999 _c9100
_d9100
003 AR-CdUCM
008 190327b ||||| |||| 00| 0 spa d
020 _a9789972804717
040 _aMUNICIPALIDAD PROVINCIAL DEL CUSCO
_cBIBLIOTECA MUNICIPAL DEL CUSCO
082 _a306.7608 /
_bC512
100 _aChavez, Susana
_925102
245 _aConcepciones y percepciones sobre los derechos sexuales y reproductivos en la adolescencia /
260 _aLima :
_bCIES,
_c2007.
300 _a155 páginas ;
_c21 cm.
505 _aSituación de los y las adolescentes -- El rol de las instituciones en el ejercicio pleno de los derechos sexuales y de los derechos reproductivos de los/las adolescentes...
650 _aAdolescentes.
_925103
650 _aDerechos.
_96548
650 _aDerechos sexuales.
_925104
700 _aGuerrero, Rossina
_925105
700 _aEspinoza, Janeth
_925106
700 _aAyzanoa, Gabriela
_925107
942 _2ddc
_cLIBROS
945 _awfj